Finish the TV Show Titles (2010s) Quiz Stats

 Plays Quiz Updated Jun 5, 2019

Score 0/30 Timer 05:00
0 Plays Today
Start of Title Last Word % Correct
Orange Is the NewBlack
99.1%
The WalkingDead
95.6%
Game ofThrones
95.1%
American HorrorStory
92%
2 BrokeGirls
89.9%
Pretty LittleLiars
89.7%
The Handmaid's Tale
89.7%
DowntonAbbey
88.2%
StrangerThings
86.5%
13 ReasonsWhy
85.1%
Bob'sBurgers
84.2%
Better CallSaul
83.4%
Fresh Off theBoat
83.1%
BrooklynNine-Nine
80.4%
Jane theVirgin
78.8%
Start of Title Last Word % Correct
House ofCards
74.7%
This IsUs
73.1%
The Late Late Show with JamesCorden
71%
BoJackHorseman
70.3%
The Haunting of HillHouse
65.9%
Key &Peele
60.3%
Making a Murderer
58.3%
Master ofNone
53.5%
KillingEve
49.5%
DuckDynasty
46.8%
RussianDoll
41.9%
Call theMidwife
40.1%
Chilling Adventures ofSabrina
37.5%
Star Trek:Discovery
23.3%
Angie Tribeca
18.3%

You're not logged in!

Compare scores with friends on all Sporcle quizzes.
OR
Log In

Sporcle TV

Today on Sporcle TV


Watch our educational content, quiz creation guides, and fun videos on Sporcle TV.

Show Comments

Extras

Top Quizzes Today


Score Distribution

Your Account Isn't Verified!

In order to create a playlist on Sporcle, you need to verify the email address you used during registration. Go to your Sporcle Settings to finish the process.

Report this User

Report this user for behavior that violates our Community Guidelines.

Details: